Score 0/20 Timer 03:00
0 Plays Today
Name Answer % Correct
Alexander ____ Bell Graham
97.2%
Vincent van ____ Gogh
96.9%
Ulysses S. ____ Grant
94.4%
____ Washington Carver George
91.6%
____ Kelly Grace
90.6%
Indira ____ Gandhi
88.7%
____ Khan Genghis
88.3%
____ Galilei Galileo
87.7%
Mikhail ____ Gorbachev
84.3%
____ Meir Golda
81.2%
Name Answer % Correct
____ Steinem Gloria
73%
____ Mendel Gregor
71.7%
Lady Jane ____ Grey
70.1%
____ Chaucer Geoffrey
70%
El ____ Greco
66%
Johannes ____ Gutenberg
65.3%
Charles ____ Goodyear
59.4%
____ Stein Gertrude
52.2%
____ Julius Caesar Gaius
47.8%
____ Adolphus Gustavus
33.9%

Today's Daily Dose

Missing Word
Lizzo Songs

Get the Picture
The Longest Rivers

Remove Ads.
Support Sporcle.
Get the best of Sporcle when you Go Orange. This ad-free experience offers more features, more stats, and more fun while also helping to support Sporcle. Thank you for becoming a member.

You're not logged in!

Compare scores with friends on all Sporcle quizzes.
OR
Log In

Show Comments

Extras

Top Quizzes Today


Score Distribution

Your Account Isn't Verified!

In order to create a playlist on Sporcle, you need to verify the email address you used during registration. Go to your Sporcle Settings to finish the process.

Report this User

Report this user for behavior that violates our Community Guidelines.

Details: